000 00696cam a2200265 4500
001 ABS68524
008 041223n2004 000 0 eng u
035 _a(Sirsi) u128433
245 _aRegional survey: Ireland
260 _c2004
490 _aProperty Week
_v69(50) 10 December 2004, 65-90(11)
590 _aABS
590 _aABS
650 _aIRELAND
650 _aDUBLIN
650 _aBELFAST
650 _aCOUNTY DOWN
650 _aPROPERTY-COMMERCIAL PROPERTY-RETAIL PROPERTY-RETAIL PROPERTY MARKET
650 _aDUNDRUM
650 _aOFFICE MARKET
650 _aINDUSTRIAL MARKET
650 _aLEISURE INDUSTRY
690 _aCOMMERCIAL PROPERTY-MARKET
942 _n0
999 _c118475
_d118475